La historia inacabada del euro

Saved in:
Bibliographic Details
Main Author: Montes, Pedro (autor)
Format: Book
Language:Spanish
Published: Madrid Trotta 2001
Series:Colección Estructuras y Procesos. Serie Ciencias Sociales
Subjects:
Tags: Add Tag
No Tags, Be the first to tag this record!

MARC

LEADER 00000nam a2200000 a 4500
001 UCN9412
003 CL-VaPUC
008 011207e20010000SP |||||||||||||||||spa|d
082 0 4 |a 332.46  |b MON  |2 21 
100 |a Montes, Pedro  |e autor  |9 466024 
245 1 3 |a La historia inacabada del euro 
300 |a 201 p 
942 |c BK 
945 |d 20011207 00:00:00  |a vberengu 
260 |a Madrid  |b Trotta  |c 2001 
650 7 |a SISTEMAS MONETARIOS  |2 CL-VaPUC  |9 342366 
650 0 |a Política monetaria  |9 258279 
650 7 |a ECONOMIA EUROPEA  |2 CL-VaPUC  |9 466025 
583 |a last modification  |c 20011207 00:00:00  |k Rodrigo Vera 
490 0 |a Colección Estructuras y Procesos. Serie Ciencias Sociales 
999 |c 298846  |d 298844 
952 |0 0  |1 0  |4 0  |6 332_460000000000000_MON_2001  |7 0  |8 A  |9 354805  |a BIBDER  |b BIBDER  |d 2019-11-21  |i 3779815  |o 332.46 MON 2001  |p 3779815  |r 2023-01-25  |w 2019-11-21  |y BK  |k DER